La educación en el pensamiento de Constantino Láscaris /
Sparad:
| Huvudupphovsman: | |
|---|---|
| Materialtyp: | Bok |
| Språk: | Spanish |
| Taggar: |
Lägg till en tagg
Inga taggar, Lägg till första taggen!
|
MARC
| LEADER | 00000nam a22000007a 4500 | ||
|---|---|---|---|
| 003 | cru CIDCACS/IIS | ||
| 005 | 20170824151405.0 | ||
| 007 | ta | ||
| 008 | 170804s2015 cr |||p|r|||| 00| 00spa d | ||
| 999 | |c 19543 |d 19543 | ||
| 040 | |c cru CIDCACS/IIS | ||
| 100 | 1 | |9 5097 |a Morales Zúñiga, Luis Carlos | |
| 245 | 1 | 3 | |a La educación en el pensamiento de Constantino Láscaris / |c Luis Carlos Morales Zúñiga. |
| 300 | |a páginas 153-166: |b ilustración | ||
| 773 | 0 | |0 19529 |9 1075 |a Universidad de Costa Rica. |d San José, Costa Rica: Editorial de la Universidad de Costa Rica, ago. 1992- |o 17999 |t Reflexiones / | |
| 942 | |2 ddc |c PP | ||
| 773 | 0 | |0 19529 |9 1075 |a Universidad de Costa Rica. |d San José, Costa Rica: Editorial de la Universidad de Costa Rica, ago. 1992- |o 17999 |t Reflexiones / | |
